| 000 | 01090nam a2200349 c 4500 | ||
|---|---|---|---|
| 001 | 17208 | ||
| 003 | ES-MaCES | ||
| 005 | 20141221122452.0 | ||
| 008 | 050119s2004 sp d t o000 | spa d | ||
| 017 |
_aH 59-2004 _bDL |
||
| 020 | _a8495089580 | ||
| 035 | _aCES20050000437m | ||
| 040 |
_aES-MaCES _bspa _cES-MaCES |
||
| 100 | 1 |
_aGonzález Galán, María Dolores _913809 |
|
| 245 | 1 | 0 |
_aFabricación de conservas y actividad pesquera _b: un análisis económico _cMª Dolores González Galán |
| 260 |
_aHuelva _bUniversidad de Huelva _c2004 |
||
| 300 |
_a380 p. _bgráf. bl. y n. _c21 cm |
||
| 490 | 1 |
_aJovellanos _v9 |
|
| 504 | _aBibliografía: p. 299-318 | ||
| 541 | _cGratuito | ||
| 650 | 4 |
_aindustria conservera _927660 |
|
| 650 | 4 |
_aindustria pesquera _927608 |
|
| 650 | 4 |
_aanálisis económico _927070 |
|
| 650 | 4 |
_aHuelva _931291 |
|
| 650 | 4 |
_aEspaña _926964 |
|
| 653 | 1 | 0 | _aPesca |
| 710 | 2 |
_aUniversidad de Huelva _eed. _95287 |
|
| 830 | 0 |
_aJovellanos _v9 _933392 |
|
| 902 | _aLIB Libro | ||
| 942 |
_2CES _cBK _h5.1. |
||
| 999 |
_c17208 _d17208 |
||